Southville International School and Colleges
Your cart is empty.
  • Cart
  • Lists
    Public lists Eva Luna New books Lux_list list_1
    Your lists Log in to create your own lists
  • Log in to your account
  • Your cookies
  • Search history
Southville International School and Colleges
  • Advanced search
  • Recent comments
  • Most popular
  • Libraries

Log in to your account

Log in with GOOGLE


If you do not have an external account, but do have a local account, you can still log in:

  1. Home
  2. MARC view: Sharing time troubles /
Normal view MARC view ISBD view

Sharing time troubles / (Record no. 42486)

[ view plain ]
MARC details
000 -LEADER
fixed length control field 00701nam a22002657a 4500
003 - CONTROL NUMBER IDENTIFIER
control field OSt
005 - DATE AND TIME OF LATEST TRANSACTION
control field 20140311163200.0
008 - FIXED-LENGTH DATA ELEMENTS--GENERAL INFORMATION
fixed length control field 131011t xxu||||| |||| 00| 0 eng d
020 ## - INTERNATIONAL STANDARD BOOK NUMBER
International Standard Book Number 0590738798
050 ## - LIBRARY OF CONGRESS CALL NUMBER
Classification number PZ 8.3
Item number .M217Sh 1997
100 ## - MAIN ENTRY--PERSONAL NAME
Personal name Maccarone, Grace
9 (RLIN) 5551
245 ## - TITLE STATEMENT
Title Sharing time troubles /
Remainder of title Grace Maccarone
260 ## - PUBLICATION, DISTRIBUTION, ETC. (IMPRINT)
Place of publication, distribution, etc New York :
Name of publisher, distributor, etc Scholastic Inc.,
Date of publication, distribution, etc 1997.
300 ## - PHYSICAL DESCRIPTION
Other physical details col. ill. ;
Dimensions 22 cm.
521 ## - TARGET AUDIENCE NOTE
Target audience note
526 ## - STUDY PROGRAM INFORMATION NOTE
Reading level 300
650 ## - SUBJECT ADDED ENTRY--TOPICAL TERM
Topical term or geographic name as entry element Sharing
General subdivision Fiction
9 (RLIN) 28437
650 ## - SUBJECT ADDED ENTRY--TOPICAL TERM
Topical term or geographic name as entry element Brothers
General subdivision Ficiton
9 (RLIN) 28438
650 ## - SUBJECT ADDED ENTRY--TOPICAL TERM
Topical term or geographic name as entry element Schools
General subdivision Fiction
9 (RLIN) 28439
650 ## - SUBJECT ADDED ENTRY--TOPICAL TERM
Topical term or geographic name as entry element Stories in rhyme
9 (RLIN) 5554
942 ## - ADDED ENTRY ELEMENTS (KOHA)
Source of classification or shelving scheme Library of Congress Classification
Koha item type
Holdings
Withdrawn status Lost status Source of classification or shelving scheme Damaged status Home library Current library Shelving location Date acquired Total Checkouts Full call number Barcode Date last seen Copy number Price effective from Koha item type
    Library of Congress Classification   Munich Library Munich Library Scholastic Reading Center Section 02/28/2014   PZ 8.3 .M217Sh 1997 MS0759 02/28/2014 1 02/28/2014 Books
    Library of Congress Classification   Munich Library Munich Library Scholastic Reading Center Section 02/28/2014   PZ 8.3 .M217Sh 1997 MS0770 02/28/2014 2 02/28/2014 Books
    Library of Congress Classification   Munich Library Munich Library Scholastic Reading Center Section 02/28/2014   PZ 8.3 .M217Sh 1997 MS0771 02/28/2014 3 02/28/2014 Books

Sharing time troubles /

APA

Maccarone G., . (1997). Sharing time troubles. New York: Scholastic Inc.

Chicago

Maccarone Grace, . 1997. Sharing time troubles. New York: Scholastic Inc.

Harvard

Maccarone G., . (1997). Sharing time troubles. New York: Scholastic Inc.

MLA

Maccarone Grace, . Sharing time troubles. New York: Scholastic Inc. 1997.

  • Place hold
  • Print
  • Cite
  • Add to your cart (remove)
  • Save record
    BIBTEX Dublin Core MARCXML MARC (non-Unicode/MARC-8) MARC (Unicode/UTF-8) MARC (Unicode/UTF-8, Standard) MODS (XML) RIS
  • More searches
    Search for this title in:
    Other Libraries (WorldCat) Other Databases (Google Scholar) Online Stores (Bookfinder.com) Open Library (openlibrary.org)

Exporting to Dublin Core...

SOUTHVILLE LIBRARY

Southville International School and Colleges Library

1281 Tropical Ave. Cor. Luxembourg St., BF Homes International, Las Pinas City

Tel. No. 8256374 / 252358 Loc. 117/146

Powered by Koha